Vista normal
Vista MARC
Entrada Personal Name
Número de registros utilizados en: 1
001 - CONTROL NUMBER
- control field: 25646
003 - CONTROL NUMBER IDENTIFIER
- control field: OSt
005 - DATE AND TIME OF LATEST TRANSACTION
- control field: 20230915231143.0
008 - FIXED-LENGTH DATA ELEMENTS
- fixed length control field: 230915|| aca||aabn | a|a d
040 ## - CATALOGING SOURCE
- Original cataloging agency: OSt
- Transcribing agency: OSt
100 ## - HEADING--PERSONAL NAME
- Personal name: Rosas, Ricardo; Sebastian, Christian
670 ## - SOURCE DATA FOUND
- Source citation: Work cat.: (OSt)27435: Rosas, Ricardo; Sebastian, Christian, Piaget , Vigotski y Maturana . Constructivismo a tres voces, Aique